<?xml version="1.0" encoding="UTF-8"?>
<record
    xmlns:xsi="http://www.w3.org/2001/XMLSchema-instance"
    xsi:schemaLocation="http://www.loc.gov/MARC21/slim http://www.loc.gov/standards/marcxml/schema/MARC21slim.xsd"
    xmlns="http://www.loc.gov/MARC21/slim">

  <leader>01982nas a2200277Ia 4500</leader>
  <controlfield tag="001">R052-S5417</controlfield>
  <controlfield tag="003">IT-CnALBA</controlfield>
  <controlfield tag="008">170116c99999999xx ||||||||||||   ||und||</controlfield>
  <datafield tag="040" ind1=" " ind2=" ">
    <subfield code="a">IT-CnALBA</subfield>
    <subfield code="c">IT-CnALBA</subfield>
  </datafield>
  <datafield tag="041" ind1=" " ind2=" ">
    <subfield code="a">ITALIANO</subfield>
  </datafield>
  <datafield tag="100" ind1=" " ind2=" ">
    <subfield code="a">CENTI SANTE P. TITO, OP.</subfield>
  </datafield>
  <datafield tag="210" ind1=" " ind2=" ">
    <subfield code="a">RIVISTA DI ASCETICA E MISTICA</subfield>
  </datafield>
  <datafield tag="222" ind1=" " ind2=" ">
    <subfield code="a">RIVISTA DI ASCETICA E MISTICA</subfield>
  </datafield>
  <datafield tag="245" ind1=" " ind2="0">
    <subfield code="a">RIVISTA DI ASCETICA E MISTICA. GENNAIO MARZO 2000. DEDICATO A P. CALOSIO I. (1910 1997). </subfield>
  </datafield>
  <datafield tag="250" ind1=" " ind2=" ">
    <subfield code="a">1a ed.</subfield>
  </datafield>
  <datafield tag="260" ind1=" " ind2=" ">
    <subfield code="a"> FIRENZE</subfield>
    <subfield code="b">CONVENTO SAN MARCO </subfield>
    <subfield code="c">2000 [1&#xB0; Ed.:2000 - Ed.Ling.Originale: 2000]</subfield>
  </datafield>
  <datafield tag="300" ind1=" " ind2=" ">
    <subfield code="a">300 p. </subfield>
  </datafield>
  <datafield tag="310" ind1=" " ind2=" ">
    <subfield code="a">TRIMESTRALE</subfield>
  </datafield>
  <datafield tag="362" ind1=" " ind2=" ">
    <subfield code="a">Fascicolo: 1 / Anno: 25 (2000)</subfield>
  </datafield>
  <datafield tag="500" ind1=" " ind2=" ">
    <subfield code="a">VITA PER LA SPIRITUALIT&#xC0;. PROFILO BIOGRAFICO. INNOCENZO CALOSIO O LA TRADIZIONE CLASSICA ANTIUMANISTA. BARILE R. E LA LITURGIA. PEDRINI A. E IL QUIETISMO, MISTICA E QUESTIONE QUIETISTICA. VANNINI M. E LA MISTICA RENANA. BARSOTTI D. INCONTRI EFFETTIVI E DESIDERATI. GORDINI R. RICORDI DI UN AMICO. CAMBULA M. LA VIA APOFATICA ALLA CONOSCENZA DI DIO IN TOMMASO D'AQUINO. GIARDINI F. VIVERE DA CRISTIANI NELL'ATTINO PRESENTE. BORGHINI B. PADRE MIO, PADRE NOSTRO. PALESATI LEPRI N. CONTRIBUTO ALLO STUDIO DELL'INFLUSSO SAVONAROLIANO IN SPAGNA. </subfield>
  </datafield>
  <datafield tag="501" ind1=" " ind2=" ">
    <subfield code="a">Societ&#xE0; San Paolo EM - Piazza San Paolo, 14 - 12051 ALBA (CN)  (non commercial uses only) &#xAE; Copyright 2017</subfield>
  </datafield>
  <datafield tag="520" ind1=" " ind2=" ">
    <subfield code="a">VITA PER LA SPIRITUALIT&#xC0;. PROFILO BIOGRAFICO. INNOCENZO CALOSIO O LA TRADIZIONE CLASSICA ANTIUMANISTA. BARILE R. E LA LITURGIA. PEDRINI A. E IL QUIETISMO, MISTICA E QUESTIONE QUIETISTICA. VANNINI M. E LA MISTICA RENANA. BARSOTTI D. INCONTRI EFFETTIVI E DESIDERATI. GORDINI R. RICORDI DI UN AMICO. CAMBULA M. LA VIA APOFATICA ALLA CONOSCENZA DI DIO IN TOMMASO D'AQUINO. GIARDINI F. VIVERE DA CRISTIANI NELL'ATTINO PRESENTE. BORGHINI B. PADRE MIO, PADRE NOSTRO. PALESATI LEPRI N. CONTRIBUTO ALLO STUDIO DELL'INFLUSSO SAVONAROLIANO IN SPAGNA. </subfield>
  </datafield>
  <datafield tag="650" ind1=" " ind2=" ">
    <subfield code="a">ASCETICA E MISTICA</subfield>
  </datafield>
  <datafield tag="942" ind1=" " ind2=" ">
    <subfield code="c">CR</subfield>
  </datafield>
  <datafield tag="957" ind1=" " ind2=" ">
    <subfield code="7">1</subfield>
  </datafield>
  <datafield tag="999" ind1=" " ind2=" ">
    <subfield code="a">67524</subfield>
    <subfield code="b">NO</subfield>
    <subfield code="g">1</subfield>
    <subfield code="c">333589</subfield>
    <subfield code="d">333589</subfield>
  </datafield>
  <datafield tag="952" ind1=" " ind2=" ">
    <subfield code="0">0</subfield>
    <subfield code="1">0</subfield>
    <subfield code="4">0</subfield>
    <subfield code="6">R_052S5417</subfield>
    <subfield code="7">1</subfield>
    <subfield code="a">ALBA</subfield>
    <subfield code="b">ALBA</subfield>
    <subfield code="d">2017-01-16</subfield>
    <subfield code="l">0</subfield>
    <subfield code="o">R052-S5417</subfield>
    <subfield code="r">2017-01-16 00:00:00</subfield>
    <subfield code="w">2017-01-16</subfield>
    <subfield code="y">CR</subfield>
    <subfield code="z">(data import: 16 gennaio 2017) - By Epidotti, Vaglietti. </subfield>
  </datafield>
</record>
